<?xml version="1.0" encoding="UTF-8"?>
<record
    xmlns:xsi="http://www.w3.org/2001/XMLSchema-instance"
    xsi:schemaLocation="http://www.loc.gov/MARC21/slim http://www.loc.gov/standards/marcxml/schema/MARC21slim.xsd"
    xmlns="http://www.loc.gov/MARC21/slim">

  <leader>00974nac a22001811u 4500</leader>
  <controlfield tag="008">090318s2002    xxu||||| |||| 00| 0 ara d</controlfield>
  <datafield tag="020" ind1=" " ind2=" ">
    <subfield code="a">9770182788</subfield>
  </datafield>
  <datafield tag="082" ind1=" " ind2=" ">
    <subfield code="a">327.62974</subfield>
    <subfield code="b">&#x63A; &#x648; &#x631;</subfield>
  </datafield>
  <datafield tag="100" ind1="1" ind2=" ">
    <subfield code="a">&#x63A;&#x648;&#x631;&#x64A;&#x627;&#x62A;&#x634;&#x643;&#x64A;&#x646; &#x60C; &#x63A;&#x64A;&#x646;&#x627;&#x62F;&#x649;</subfield>
    <subfield code="9">20089</subfield>
  </datafield>
  <datafield tag="245" ind1=" " ind2=" ">
    <subfield code="a">&#x631;&#x648;&#x633;&#x64A;&#x627; &#x648;&#x645;&#x635;&#x631; &#x641;&#x649; &#x636;&#x648;&#x621; &#x627;&#x644;&#x623;&#x631;&#x634;&#x64A;&#x641;&#x627;&#x62A; &#x627;&#x644;&#x631;&#x648;&#x633;&#x64A;&#x629; :</subfield>
    <subfield code="b">&#x623;&#x648;&#x627;&#x633;&#x637; &#x627;&#x644;&#x642;&#x631;&#x646; &#x627;&#x644;&#x640; 19 _&#x628;&#x62F;&#x627;&#x64A;&#x629; &#x627;&#x644;&#x642;&#x631;&#x646; &#x627;&#x644;&#x640; 20 /</subfield>
    <subfield code="c">&#x63A;&#x64A;&#x646;&#x627;&#x62F;&#x649; &#x63A;&#x648;&#x631;&#x64A;&#x627;&#x62A;&#x634;&#x643;&#x64A;&#x646;</subfield>
  </datafield>
  <datafield tag="260" ind1=" " ind2=" ">
    <subfield code="a">&#x627;&#x644;&#x642;&#x627;&#x647;&#x631;&#x629; :</subfield>
    <subfield code="b">&#x627;&#x644;&#x647;&#x64A;&#x626;&#x629; &#x627;&#x644;&#x645;&#x635;&#x631;&#x64A;&#x629; &#x627;&#x644;&#x639;&#x627;&#x645;&#x629; &#x644;&#x644;&#x643;&#x62A;&#x627;&#x628; &#x60C;2002</subfield>
    <subfield code="c">2002.</subfield>
  </datafield>
  <datafield tag="300" ind1=" " ind2=" ">
    <subfield code="a">467 &#x635; &#x61B;</subfield>
    <subfield code="c">24 &#x633;&#x645;.</subfield>
  </datafield>
  <datafield tag="511" ind1=" " ind2=" ">
    <subfield code="a">Catalogued by: Sara</subfield>
  </datafield>
  <datafield tag="651" ind1=" " ind2=" ">
    <subfield code="9">21755</subfield>
    <subfield code="a">&#x645;&#x635;&#x631;</subfield>
    <subfield code="x">&#x627;&#x644;&#x639;&#x644;&#x627;&#x642;&#x627;&#x62A; &#x627;&#x644;&#x62E;&#x627;&#x631;&#x62C;&#x64A;&#x629;</subfield>
    <subfield code="z">&#x631;&#x648;&#x633;&#x64A;&#x627;</subfield>
  </datafield>
  <datafield tag="651" ind1=" " ind2=" ">
    <subfield code="9">21756</subfield>
    <subfield code="a">&#x631;&#x648;&#x633;&#x64A;&#x627;</subfield>
    <subfield code="x">&#x627;&#x644;&#x639;&#x644;&#x627;&#x642;&#x627;&#x62A; &#x627;&#x644;&#x62E;&#x627;&#x631;&#x62C;&#x64A;&#x629;</subfield>
    <subfield code="z">&#x645;&#x635;&#x631;</subfield>
  </datafield>
  <datafield tag="942" ind1=" " ind2=" ">
    <subfield code="c">BB</subfield>
    <subfield code="k">327.62974 &#x63A; &#x648; &#x631;</subfield>
    <subfield code="2">ddc</subfield>
  </datafield>
  <datafield tag="999" ind1=" " ind2=" ">
    <subfield code="c">6433</subfield>
    <subfield code="d">6433</subfield>
  </datafield>
  <datafield tag="952" ind1=" " ind2=" ">
    <subfield code="0">0</subfield>
    <subfield code="1">0</subfield>
    <subfield code="2">ddc</subfield>
    <subfield code="4">0</subfield>
    <subfield code="7">0</subfield>
    <subfield code="8">Alef-Baa</subfield>
    <subfield code="a">MAIN</subfield>
    <subfield code="b">MAIN</subfield>
    <subfield code="c">1ST</subfield>
    <subfield code="d">2011-01-09</subfield>
    <subfield code="e">purchase</subfield>
    <subfield code="o">327.62974 &#x63A; &#x648; &#x631;</subfield>
    <subfield code="p">000007281</subfield>
    <subfield code="r">2025-07-15 00:00:00</subfield>
    <subfield code="y">BB</subfield>
  </datafield>
</record>
